000 00900nam a2200205 i 4500
001 167265
003 ES-MaACL
005 20250818063106.0
008 931025s18671868sp |||| | spa d
100 1 _aVerne, Jules,
_d1828-1905
_9188654
245 1 0 _aAventuras del Capitan Hatteras
_b: obra escrita en francés /
_cpor Julio Verne; traducida al español por F. N.
260 _aMadrid :
_b[s.n.],
_c1867-68 (
_fimp. de la Biblioteca Universal Económica á cargo de Luis Gonzalez Ruiz)
300 _a108, 103 p. ;
_c23 cm.
490 1 _aBiblioteca Económica de Instrucción y Recreo
597 _aTexto a dos col. Contiene: Primera Parte. Los ingleses en el Polo Norte - Segunda Parte. El desierto de hielo.
830 0 0 _aBiblioteca económica de instrucción y recreo
_9182441
852 _aES-MaACL
_jD-3119-3120
_z-- Enc. hol.
999 _c167265
_d167265